000 00563nam a2200193Ia 4500
005 20250508154023.0
008 008 250505s9999 xx 000 0 eng d
037 _aTextual
040 _aFEDL
_beng
_cFEDL
041 _aeng
_2eng
084 _a330.9, LEW
_qFEDL
100 _aLewis John P.
245 0 _aQuiet crisis in India: Economic development and American policy
260 _aWashington, USA
_bThe Brookings Institution
_c1962
300 _axiii,350p
650 _aEconomics
942 _cTEXL
_h330.9, LEW
999 _c1347087
_d1347087